000 03003cam a22011654i 4500
003 PE-LiUPU
005 20250813185617.0
008 150706s r 000 0 d
020 _a9871142870
035 _a(Sirsi) i9789871142873
040 _aPE-LiUPU
_bspa
_cPE-LiUPU
_erda
049 _aPRUA
082 0 4 _a371.92
_bB452i
_221
100 _aBelotti, Ana Lucía
_eautor.
_96099
245 0 3 _aLa integración escolar de niños con síndrome de Down, un camino hacia la escuela inclusiva :
_bun programa de trabajo posible en la Argentina de hoy. /
_cautora Belotti, Ana Lucía
264 1 _aCórdova :
_bBrujas,
_c2005.
300 _a111 páginas ;
_c20 cm.
336 _atext
_2rdacontent
337 _aunmediated
_2rdamedia
338 _avolume
_2rdacarrier
505 0 _aSistema de apoyo. Algunos de nuestros principios y conceptos orientadores -- El equipo orientador. Acerca del psicopedagogo. Una mirada desde el trabajo social. ¿Qué del lenguaje en el niño con síndrome de Down?. Algunas puntuaciones acerca de la intervención del psicólogo en el equipo -- La función del profesor de apoyo. Modos de escolarización -- Las adaptaciones curriculares. El aula polivalente, El legajo -- A modo de cierra -- Para reflexionar.
526 _aP202
526 _aP201
526 _aP163
526 _aP162
526 _aP161
526 _aP160
526 _aP148
526 _aP147
526 _aP146
526 _aP145
526 _aP144
526 _aP143
526 _aP142
526 _aP141
526 _aP140
526 _aP139
526 _aP138
526 _aP137
526 _aP136
526 _aP135
526 _aP134
526 _aP133
526 _aP129
526 _aP128
526 _aP127
526 _aP120
526 _aP119
526 _aP118
526 _aP116
526 _aP115
526 _aP114
526 _aP110
526 _aP109
526 _aP108
526 _aP104
526 _aP103
526 _aP102
526 _aP99
526 _aP98
526 _aP97
526 _aP96
526 _aP95
526 _aP93
526 _aP90
526 _aP89
526 _aP88
526 _aP83
526 _aP82
526 _aP62
526 _aP59
526 _aP58
526 _aP57
526 _aP51
526 _aP49
526 _aP48
526 _aP47
526 _aP29
526 _aP24
526 _aP20
526 _aP19
526 _aP17
526 _aP15
526 _aP14
526 _aP12
526 _aP10
526 _aP09
526 _aP08
526 _aP07
526 _aP06
526 _aP05
526 _aP04
526 _aP01
650 0 4 _aIntegración escolar.
650 0 4 _aSíndrome de Down.
700 _aBelotti, Ana Lucía
_eautor.
_96099
942 _2ddc
_cBK
999 _c54345
_d54345
980 _81
_gALBERTO SANCHEZ Responsable de Automatización